000 00765nam a22001937a 4500
999 _c5997
_d5997
005 20260116103053.0
008 260116b ||||| |||| 00| 0 eng d
040 _cKH8
082 _a813.6 HUN
100 _aHUNTER,ERIN
_eAUTHOR
245 _aWARRIORS SERIES
260 _a77-85 Fulham Palace Road,Hammersmith,London W6 8JB
_bHarperCollins Children's Books
_c2006
300 _a351 pages
_bColour illustration
_c13cm x 20cm
520 _aFireheart, the warrior cat, faces many challenges in his new role of ThunderClan deputy as his apprentice, Cloudpaw, resists following the warrior code, Bluestar weakens, and Tigerclaw continues to haunt the forest seeking revenge.
650 _aJuvenile Fiction
655 _aCats
655 _aWarrior
942 _2ddc
_cCSN